Los 10 hombres con estatura media más alta en los países actuales en 2 - Estadísticas

Estadísticas generales
  • Esta prueba ha sido intentada 16 veces
  • La puntuación promedio es 5 de 10
Estadísticas de respuestas
Hint Respuesta % Correcto
1,824 Dinamarca
92%
1,840 Países Bajos
92%
1,833 Estonia
62%
1,824 Islandia
62%
1,818 Letonia
62%
1,838 Montenegro
46%
1,818 Ucrania
38%
1,829 Bosnia
31%
1,814 Eslovaquia
23%
1,817 Chequia
15%
No se encontraron pruebas coincidentes
Distribución de puntuación
Porcentaje de gente con cada puntuación
Porcentaje por número respondido
Historial de tus puntuaciones
No has intentado esta prueba.